Osnovy fluorescentnoj spektroskopii /

Gespeichert in:
Bibliographische Detailangaben
1. Verfasser: Lakowicz, Joseph R (Verfasst von)
Format: Buch
Sprache:Russisch
Veröffentlicht: Moskva : Mir, 1986
Ausgabe:1.vyd.
Tags: Tag hinzufügen
Keine Tags, Fügen Sie das erste Tag hinzu!

MARC

LEADER 00000nam a22000003a 4500
001 stu7597
005 20150617225806.9
008 950331s1986----xxr-----------------rus-d
040 |a STU  |b slo 
041 0 |a rus 
044 |a xxr 
080 |a 543.426 
100 1 |a Lakowicz, Joseph R  |4 aut 
245 1 |a Osnovy fluorescentnoj spektroskopii /  |c [aut.] Lakowicz,J.R 
250 |a 1.vyd. 
260 |a Moskva :  |b Mir,  |c 1986 
300 |a 496 s 
996 |b E61770  |c E*61770  |l EE10  |s P  |a 0  |w stu7597_0001